000 00331nam a2200133Ia 4500
008 191201s2008 xx 000 0 und d
082 _a620.11
_bGUM
100 _aGUPTA, K M
245 0 _aMaterial Science and Engineering
260 _aN.Delhi
_bUmesh Publications
_c2008
300 _a701
650 _aB.Tech(ME)
942 _2ddc
_cBK
999 _c4014
_d4014